01519nam a2200349 a 4500001001200000003000800012006001900020007001500039008004100054010001700095020001500112040002100127035002100148050002300169082002000192100002800212245010900240260006400349300001600413490003800429500014500467504006400612533015200676650005700828650002800885650002800913655002900941710001700970830003900987856012601026999001701152ebr10014858CaPaEBRm u cr cn|||||||||980409s1998 enk sb 001 0 eng  z 98021088  z0521562740 aCaPaEBRcCaPaEBR a(OCoLC)61452840014aPQ653b.W48 1998eb04a843/.8093552211 aWhite, Nicholas,d1967-14aThe family in crisis in late nineteenth-century French fictionh[electronic resource] /cNicholas White. aCambridge ;aNew York :bCambridge University Press,c1998. axii, 214 p.1 aCambridge studies in French ;v57 aChapters 4-5, and the second half of ch. 6 were originally presented as part of the author's thesis (Ph. D.--University of Cambridge, 1993). aIncludes bibliographical references (p. 205-211) and index. aElectronic reproduction.bPalo Alto, Calif. :cebrary,d2013.nAvailable via World Wide Web.nAccess may be limited to ebrary affiliated libraries. 0aFrench fictiony19th centuryxHistory and criticism. 0aFamilies in literature. 0aAdultery in literature. 7aElectronic books.2local2 aebrary, Inc. 0aCambridge studies in French ;v57.40uhttp://site.ebrary.com/lib/rucke/Doc?id=10014858zAn electronic book accessible through the World Wide Web; click to view c26696d26696